Cities in Australia - Sudden Death - Statistics

General Stats
  • This quiz has been taken 153 times
  • The average score is 10 of 12
Answers on the Grid
Answers color-coded by a green-red scale on the quiz's grid according to % correct below.
Adelaide
Auckland
Birmingham
Brisbane
Cairns
Canberra
Cape Town
Christchurch
Darwin
Dublin
Gold Coast
Hobart
Jakarta
Johannesburg
Leeds
Liverpool
Manchester
Melbourne
Newcastle
Perth
Port Moresby
Sydney
Wellington
Wollongong
 
Answer Stats
Answer % Correct
Adelaide
97%
Brisbane
91%
Sydney
91%
Perth
90%
Melbourne
89%
Canberra
88%
Darwin
87%
Hobart
79%
Cairns
78%
Gold Coast
78%
Wollongong
73%
Newcastle
62%
No matching quizzes found
Score Distribution
Percent of People with Each Score
Percentile by Number Answered
Your Score History
You have not taken this quiz